000 00468nam a2200181Ia 4500
001 47636
008 140429s9999 xx 000 0 und d
020 _aNA
040 _cPK-LaUMT
082 _aRHC 891.4396
_bKAU-N
100 _aKaukab Noorani Okarvi
245 _aNaat aur aadaab-e-naat (Urdu)
_cKaukab Noorani Okarvi
260 _aKarachi,Pakistan:
_bMehr Muneer Academy,
_c2004
300 _a448 p.
546 _aUR
650 _aUrdu literature
942 _cBK
999 _c45553
_d45553